000 00719nam a2200253 i 4500
001 C2-0278062
003 PPAK
005 20180728005844.0
008 070204s my a|||| ||||| | may d
020 _a9831975103
040 _aPPAK
_beng
_cPPAK
_erda
082 0 4 _a616.93
_223
090 0 0 _a616.93
_bAHM
_dG
100 0 _aAhmad Shukri Jamaluddin,
_eauthor
245 1 0 _aPanduan menangani masalah jerawat
264 1 _aKuala Lumpur :
_bSynergy Media ,
_c[date of publication not identified]
300 _a53 pages :
_bcolour illustrations ;
_c26 cm
336 _2rdacontent
_atext
337 _2rdamedia
_aunmediated
338 _2rdacarrier
_avolume
650 1 0 _aAcne.
700 _eauthor
942 _ddc
_cB
999 _c85103
_d85103